Carregando...
Biodiversity:threats to conservation
| Outros Autores: | |
|---|---|
| Formato: | Printed Book |
| Idioma: | Undetermined |
| Publicado em: |
Ranchi
S K Publishing
2011
|
| Assuntos: |
| LEADER | 00533nam a2200169Ia 4500 | ||
|---|---|---|---|
| 008 | 140316s9999 xx 000 0 und d | ||
| 020 | |||
| 082 | |a 578.7 |b DUB/BI | ||
| 100 | |||
| 245 | |a Biodiversity:threats to conservation | ||
| 260 | |a Ranchi |b S K Publishing |c 2011 | ||
| 300 | |a 392 | ||
| 650 | |a Biodiversity | ||
| 700 | |a Dubey,K N | ||
| 942 | |2 ddc |c BK | ||
| 999 | |c 11847 |d 11847 | ||
| 952 | |0 0 |1 0 |2 ddc |4 0 |6 578_700000000000000_DUBBI |7 0 |9 13069 |a KAUCLV |b KAUCLV |c GENERAL |d 2014-03-18 |l 1 |o 578.7 DUB/BI |p 220802 |r 2015-05-18 |s 2015-04-30 |w 2014-03-18 |y BK | ||